[Event "XIII Festival A"]
[Site "Campobasso ITA"]
[Date "2006.07.23"]
[Round "6"]
[White "Stoyko, Maksym"]
[Black "Del Dotto, Riccardo"]
[Result "1-0"]
[WhiteElo "1978"]
[BlackElo "2180"]
[PlyCount "129"]
[EventDate "2006.07.21"]

1. d4 d5 2. c4 c6 3. Nf3 Nf6 4. Qc2 a6 5. Nbd2 e6 6. g3 Be7 7. Bg2 O-O 8. O-O
Nbd7 9. e4 dxe4 10. Nxe4 Qb6 11. Nxf6+ Nxf6 12. Be3 Ng4 13. Bf4 Bd7 14. h3 Nf6
15. Rfd1 Rad8 16. c5 Qa7 17. Bc7 Rc8 18. Bb6 Qb8 19. Ne5 Be8 20. Ba5 Nd5 21.
Be4 Kh8 22. Bd2 Qc7 23. h4 Nf6 24. Bf4 Qd8 25. Nc4 Nxe4 26. Qxe4 Qd5 27. Qd3
Qh5 28. Nb6 Rd8 29. Bc7 Rd5 30. Nxd5 cxd5 31. Kg2 Bb5 32. Qf3 Qg6 33. a4 Bc6
34. b4 Bxh4 35. Qd3 f5 36. Rh1 Bf6 37. Qe3 Re8 38. Be5 Bg5 39. f4 Be7 40. Qf3
Ra8 41. Qh5 Qxh5 42. Rxh5 Kg8 43. Kf3 h6 44. Ke3 Kh7 45. Rhh1 Bf8 46. Bc7 Rc8
47. Ba5 Be7 48. Rhb1 Ra8 49. b5 axb5 50. axb5 Be8 51. Bc3 Rxa1 52. Bxa1 Bd7 53.
Bc3 Kg8 54. Ba5 Bf6 55. Bc7 g6 56. Kd3 h5 57. Be5 Be7 58. Kc3 Bc8 59. Kb4 Bf8
60. Ka5 Be7 61. Kb6 Bd7 62. c6 bxc6 63. bxc6 Be8 64. Ra1 Bd8+ 65. Bc7 1-0

[Event "XIII Festival A"]
[Site "Campobasso ITA"]
[Date "2006.07.23"]
[Round "6"]
[White "Vincenzi, Marco"]
[Black "Palladino, Andrea"]
[Result "1-0"]
[WhiteElo "2026"]
[BlackElo "1874"]
[PlyCount "55"]
[EventDate "2006.07.21"]

1. d4 Nf6 2. c4 g6 3. Nc3 Bg7 4. e4 d6 5. Nf3 O-O 6. Be2 e5 7. O-O Nc6 8. d5
Ne7 9. b4 Ne8 10. c5 f5 11. Ng5 h6 12. Ne6 Bxe6 13. dxe6 fxe4 14. Nxe4 d5 15.
Ng3 Nc6 16. Bb2 Nxb4 17. Qb3 a5 18. Rac1 c6 19. a3 Na6 20. Qxb7 Nec7 21. Qxc6
Rf6 22. Bg4 Rf4 23. Bh3 Rb8 24. Bc3 Rb5 25. Qd6 Qf6 26. Ba1 Rb8 27. Rce1 d4 28.
Ne4 1-0

[Event "XIII Festival A"]
[Site "Campobasso ITA"]
[Date "2006.07.23"]
[Round "6"]
[White "Vuelban, Virgilio"]
[Black "Ortega, Lexy"]
[Result "1/2-1/2"]
[WhiteElo "2312"]
[BlackElo "2435"]
[PlyCount "46"]
[EventDate "2006.07.21"]

1. e4 c5 2. Nf3 e6 3. d4 cxd4 4. Nxd4 a6 5. c4 Qc7 6. Nc3 Nf6 7. a3 b6 8. Be3
Bb7 9. Bd3 d6 10. Rc1 Nbd7 11. f3 Rc8 12. O-O Be7 13. b4 O-O 14. f4 Qb8 15. Qf3
Qa8 16. g4 g6 17. g5 Nh5 18. Qh3 Bd8 19. f5 Ne5 20. fxg6 hxg6 21. Nxe6 Re8 22.
Nxd8 Rexd8 23. Bxb6 Re8 1/2-1/2

[Event "V Open A"]
[Site "Bergamo ITA"]
[Date "2006.07.??"]
[Round "1"]
[White "De Santis, Alessio"]
[Black "Riboldi, Raffaele"]
[Result "1/2-1/2"]
[WhiteElo "2337"]
[BlackElo "1920"]
[PlyCount "94"]
[EventDate "2006.07.21"]

1. d4 Nf6 2. c4 e6 3. Nc3 Bb4 4. f3 c5 5. d5 d6 6. e4 Bxc3+ 7. bxc3 e5 8. Bg5
Nbd7 9. Rb1 h6 10. Be3 O-O 11. g4 Nh7 12. h4 Qe7 13. Ne2 Re8 14. Ng3 Ndf8 15.
Rb2 b6 16. Rbh2 Ng6 17. Nh5 f6 18. Qd2 Rf8 19. Rg1 Rf7 20. Be2 Bd7 21. Bd1 Rb8
22. Ng3 b5 23. cxb5 Rxb5 24. Nf5 Qf8 25. Qc1 Qb8 26. Bxh6 Rb1 27. Qc2 gxh6 28.
Nxh6+ Kf8 29. Nxf7 Kxf7 30. g5 Nf4 31. g6+ Nxg6 32. Rhg2 Nhf8 33. h5 Nf4 34.
Rg7+ Ke8 35. Rxd7 Rb2 36. Rgg7 Nxd7 37. Qa4 Qb7 38. h6 Rh2 39. h7 Rh1+ 40. Kf2
Qb2+ 41. Bc2 Rh2+ 42. Kg1 Qc1+ 43. Kxh2 Qd2+ 44. Kh1 Qe1+ 45. Kh2 Qf2+ 46. Kh1
Qxf3+ 47. Kh2 Qf2+ 1/2-1/2

[Event "V Open A"]
[Site "Bergamo ITA"]
[Date "2006.07.??"]
[Round "5"]
[White "Drazic, Sinisa"]
[Black "Astengo, Marcello"]
[Result "0-1"]
[WhiteElo "2514"]
[BlackElo "2109"]
[PlyCount "128"]
[EventDate "2006.07.21"]

1. g3 Nf6 2. Bg2 d5 3. Nf3 Bg4 4. O-O Nbd7 5. d3 h6 6. Nbd2 e6 7. h3 Bf5 8. Qe1
Bb4 9. a3 Ba5 10. b4 Bb6 11. c4 c6 12. Bb2 O-O 13. e4 Bh7 14. Qe2 Qe7 15. Kh2
Rfd8 16. Nh4 a5 17. c5 Bc7 18. e5 Ne8 19. f4 g5 20. fxg5 hxg5 21. Nhf3 Ng7 22.
Kg1 Nh5 23. Kh2 axb4 24. axb4 Rxa1 25. Rxa1 f5 26. exf6 Bxg3+ 27. Kg1 Ndxf6 28.
Nxg5 Nf4 29. Qf3 N6h5 30. Nxh7 Kxh7 31. Nf1 Rg8 32. Ne3 Qh4 33. Ng4 Rf8 34. Qe3
Ng7 35. Bxg7 Kxg7 36. Ra7 Rf7 37. Ra8 Kh7 38. Re8 Nxh3+ 39. Bxh3 Qxh3 40. Qe2
Bf2+ 41. Qxf2 Qxg4+ 42. Qg2 Qd1+ 43. Kh2 Qh5+ 44. Kg1 Rg7 45. Qxg7+ Kxg7 46.
Re7+ Kf6 47. Rxb7 Qd1+ 48. Kf2 Qd2+ 49. Kg1 Qxd3 50. Rb6 d4 51. b5 Qxb5 52.
Rxb5 cxb5 53. Kf2 b4 54. Ke2 b3 55. Kd2 e5 56. Kd3 Ke6 57. Ke2 e4 58. Kd2 e3+
59. Kd1 b2 60. Kc2 e2 61. c6 Kd6 62. Kxb2 e1=Q 63. Kb3 Qc3+ 64. Ka4 Qb2 0-1

[Event "II Trofeo Perla del Sarcidano A"]
[Site "Laconi ITA"]
[Date "2006.08.05"]
[Round "1"]
[White "Boi, Fausto"]
[Black "Neri, Enzo"]
[Result "0-1"]
[WhiteElo "1622"]
[BlackElo "2058"]
[PlyCount "78"]
[EventDate "2006.08.05"]

1. Nf3 d5 2. c4 c6 3. e3 Bf5 4. Nc3 e6 5. Qb3 Qb6 6. Qxb6 axb6 7. cxd5 exd5 8.
d4 b5 9. Bd2 Nf6 10. Nh4 Be6 11. Bd3 b4 12. Ne2 Ne4 13. Bc1 b3 14. a3 Bb4+ 15.
Kf1 g5 16. f3 Nd6 17. Rb1 Ba5 18. g3 gxh4 19. gxh4 Bh3+ 20. Kf2 Bd8 21. h5 Bh4+
22. Ng3 Nd7 23. Ke2 O-O-O 24. Bd2 Rde8 25. Bb4 Be7 26. a4 Nb6 27. a5 Nbc4 28.
Bxd6 Nxd6 29. a6 bxa6 30. Bxa6+ Kc7 31. Rhc1 Bc8 32. Bxc8 Rxc8 33. Rc3 Rb8 34.
Rbc1 Nc4 35. Nf5 Bb4 36. Rxb3 Ba5 37. Rxb8 Rxb8 38. e4 Rxb2+ 39. Kf1 Nd2+ 0-1

[Event "II Trofeo Perla del Sarcidano A"]
[Site "Laconi ITA"]
[Date "2006.08.05"]
[Round "1"]
[White "Dessy, Eugenio"]
[Black "Zuccarelli, Angelo"]
[Result "0-1"]
[WhiteElo "1488"]
[BlackElo "1905"]
[PlyCount "82"]
[EventDate "2006.08.05"]

1. e4 c5 2. Nf3 d6 3. d4 cxd4 4. c3 dxc3 5. Nxc3 Nc6 6. Bc4 e6 7. Qe2 Nf6 8.
O-O a6 9. Rd1 Qc7 10. Bf4 Ne5 11. Bb3 Nxf3+ 12. Qxf3 e5 13. Bg5 Be7 14. Nd5
Nxd5 15. Rac1 Qd7 16. Bxe7 Qxe7 17. Bxd5 O-O 18. Qc3 Bg4 19. f3 Rac8 20. Qa5
Rxc1 21. Rxc1 Rc8 22. Rd1 Be6 23. Qb4 Bxd5 24. exd5 Qc7 25. Re1 Qc5+ 26. Qxc5
Rxc5 27. b3 Rxd5 28. Rc1 Rc5 29. Re1 Kf8 30. b4 Rc2 31. a4 Rc4 32. Re4 Rxe4 33.
fxe4 Ke7 34. Kf2 Ke6 35. g4 d5 36. Ke3 d4+ 37. Kd3 h6 38. h3 g6 39. Kc4 b5+ 40.
axb5 axb5+ 41. Kd3 f5 0-1

[Event "II Trofeo Perla del Sarcidano A"]
[Site "Laconi ITA"]
[Date "2006.08.05"]
[Round "1"]
[White "Figus, Maurizio"]
[Black "Vozza, Augusto"]
[Result "1-0"]
[WhiteElo "1931"]
[BlackElo "1514"]
[PlyCount "49"]
[EventDate "2006.08.05"]

1. e4 c6 2. d3 d5 3. Nd2 g6 4. Ngf3 Bg4 5. e5 e6 6. h3 Bxf3 7. Nxf3 Bg7 8. d4
Ne7 9. Bd3 Qb6 10. Qe2 Nf5 11. c3 O-O 12. g4 Ne7 13. h4 Nd7 14. h5 c5 15. hxg6
Nxg6 16. Be3 cxd4 17. cxd4 Rfe8 18. Ng5 Qb4+ 19. Kf1 Ndf8 20. Qf3 Qe7 21. Qh3
f6 22. Nxh7 Kf7 23. Qh5 Qb4 24. Nxf8 Rxf8 25. Qxg6+ 1-0

[Event "II Trofeo Perla del Sarcidano A"]
[Site "Laconi ITA"]
[Date "2006.08.05"]
[Round "1"]
[White "Gromovs, Sergejs"]
[Black "Pili, Erika"]
[Result "1-0"]
[WhiteElo "2314"]
[BlackElo "1868"]
[PlyCount "83"]
[EventDate "2006.08.05"]

1. d4 d5 2. Nf3 Bf5 3. c4 c6 4. Nc3 Nf6 5. Bf4 e6 6. e3 Bd6 7. Bg5 Nbd7 8. Bd3
Bxd3 9. Qxd3 Be7 10. O-O O-O 11. h3 Re8 12. Rac1 Nf8 13. Ne5 N6d7 14. Bxe7 Qxe7
15. f4 Nxe5 16. fxe5 dxc4 17. Qxc4 Ng6 18. Ne4 Red8 19. Rf2 Rd7 20. Rcf1 Qh4
21. Nd6 Rf8 22. a4 Qg5 23. Qb3 Nh4 24. a5 g6 25. Ne4 Qe7 26. Nf6+ Kg7 27. Nxd7
Qxd7 28. e4 g5 29. Qe3 h6 30. g3 Ng6 31. Rf6 Qe7 32. h4 gxh4 33. gxh4 h5 34.
Kh1 Qb4 35. Qf2 Qe7 36. b4 Nh8 37. Rg1+ Ng6 38. Qg3 Qe8 39. Qg5 Rh8 40. d5 exd5
41. e6 Rg8 42. Rxf7+ 1-0

[Event "II Trofeo Perla del Sarcidano A"]
[Site "Laconi ITA"]
[Date "2006.08.05"]
[Round "1"]
[White "Locci, Damiano"]
[Black "Troiani, Carlo"]
[Result "1-0"]
[WhiteElo "1976"]
[BlackElo "1619"]
[PlyCount "105"]
[EventDate "2006.08.05"]

1. e4 d5 2. Nc3 dxe4 3. Nxe4 Bf5 4. Ng3 Bg6 5. Nf3 Nd7 6. Nh4 Ngf6 7. Nxg6 hxg6
8. Bc4 e6 9. Qe2 Bd6 10. d3 Qe7 11. Bg5 O-O-O 12. O-O-O Nb6 13. Bb3 a5 14. c3
Rd7 15. Ne4 Rhd8 16. Qf3 Qf8 17. Nxf6 gxf6 18. Bxf6 Be7 19. Bxe7 Qxe7 20. d4 a4
21. Bc2 a3 22. b3 Nd5 23. Kb1 c6 24. Rhe1 Qd6 25. g3 Qc7 26. Be4 Qa5 27. Rc1 b5
28. Bxd5 cxd5 29. Re5 Rc7 30. Kc2 Kb7 31. Kd2 Rdc8 32. b4 Qb6 33. Re3 Qc6 34.
Rb1 Qd6 35. Rb3 Ra8 36. h4 Qf8 37. Qh1 Qg7 38. Qc1 Rc4 39. Rxa3 Rxd4+ 40. cxd4
Qxd4+ 41. Ke2 Qxb4 42. Rxa8 Kxa8 43. Qa3+ Qxa3 44. Rxa3+ Kb7 45. Ke3 e5 46. f4
f6 47. g4 Kb6 48. fxe5 fxe5 49. h5 gxh5 50. gxh5 b4 51. Rb3 Kc5 52. h6 e4 53.
h7 1-0

[Event "II Trofeo Perla del Sarcidano A"]
[Site "Laconi ITA"]
[Date "2006.08.05"]
[Round "1"]
[White "Pais, Mario"]
[Black "Ibba, Isacco"]
[Result "0-1"]
[WhiteElo "1672"]
[BlackElo "2177"]
[PlyCount "70"]
[EventDate "2006.08.05"]

1. e4 Nf6 2. e5 Nd5 3. c4 Nb6 4. d4 d6 5. exd6 cxd6 6. Nf3 g6 7. Be3 Bg7 8. Nc3
O-O 9. Be2 Nc6 10. O-O Bg4 11. c5 dxc5 12. dxc5 Bxc3 13. Qxd8 Rfxd8 14. cxb6
Bxb2 15. Rab1 Bxf3 16. Bxf3 Bd4 17. Bxd4 Rxd4 18. bxa7 Rxa7 19. Rfc1 Rd2 20.
Bxc6 bxc6 21. Rxc6 Raxa2 22. Rf1 e5 23. Rc8+ Kg7 24. Re8 Re2 25. g4 Kf6 26. Rh8
Kg7 27. Re8 e4 28. h3 Kf6 29. h4 h6 30. Rh8 e3 31. Rxh6 Kg7 32. g5 Rxf2 33.
Rxf2 Rxf2 34. h5 Rf5 35. hxg6 e2 0-1

[Event "II Trofeo Perla del Sarcidano A"]
[Site "Laconi ITA"]
[Date "2006.08.05"]
[Round "1"]
[White "Paulesu, Sebastiano"]
[Black "Ljubisavljevic, Zivojin Z."]
[Result "0-1"]
[WhiteElo "1862"]
[BlackElo "2290"]
[PlyCount "66"]
[EventDate "2006.08.05"]

1. e4 g6 2. d4 Bg7 3. Nf3 c5 4. c3 cxd4 5. cxd4 d6 6. Bc4 Nf6 7. Nc3 O-O 8. Bb3
Bg4 9. h3 Bxf3 10. Qxf3 Nc6 11. Be3 e5 12. d5 Nd4 13. Qd1 b5 14. Bxd4 exd4 15.
Ne2 Nxe4 16. O-O Qb6 17. Nf4 Nc5 18. Bc2 b4 19. Qg4 a5 20. Rad1 Rfe8 21. h4 h5
22. Nxh5 gxh5 23. Qxh5 d3 24. Bxd3 Nxd3 25. Rxd3 Re7 26. Rg3 Qd4 27. Rd1 Re5
28. Qh6 Qxd1+ 29. Kh2 Kf8 30. Qxd6+ Re7 31. Rxg7 Kxg7 32. Qxe7 Qxd5 33. g4 Ra6
0-1

[Event "II Trofeo Perla del Sarcidano A"]
[Site "Laconi ITA"]
[Date "2006.08.05"]
[Round "1"]
[White "Puzzoni, Christian"]
[Black "Carta, Francesco"]
[Result "1-0"]
[WhiteElo "2083"]
[BlackElo "1637"]
[PlyCount "63"]
[EventDate "2006.08.05"]

1. e4 c5 2. b4 e6 3. bxc5 Bxc5 4. d4 Bb6 5. Nf3 Nf6 6. e5 Nd5 7. Bd3 Nc6 8. c3
d6 9. O-O dxe5 10. dxe5 Bd7 11. Be4 Qc7 12. Re1 Nce7 13. Ba3 Bc5 14. c4 Bxa3
15. Nxa3 Nb6 16. Nd4 Rd8 17. Nab5 Bxb5 18. Nxb5 Qxe5 19. Qf3 Qb8 20. c5 Nbc8
21. Bxb7 O-O 22. Rab1 Nd5 23. Nd4 Qc7 24. Nc6 Rd7 25. Ne5 Rdd8 26. Qa3 Nce7 27.
g3 Rb8 28. c6 Nb6 29. Qxa7 Nxc6 30. Qxb6 Qxb6 31. Rxb6 Nxe5 32. Rxe5 1-0

[Event "II Trofeo Perla del Sarcidano A"]
[Site "Laconi ITA"]
[Date "2006.08.05"]
[Round "1"]
[White "Setzu, Francesco"]
[Black "Fenu, Salvatore"]
[Result "0-1"]
[WhiteElo "1610"]
[BlackElo "1943"]
[PlyCount "92"]
[EventDate "2006.08.05"]

1. d4 f5 2. Nf3 Nf6 3. e3 e6 4. Nbd2 b6 5. Bd3 Bb7 6. O-O d5 7. Ne5 Bd6 8. f4
O-O 9. Ndf3 Nbd7 10. Qe1 Ne4 11. Bxe4 dxe4 12. Nxd7 Qxd7 13. Ne5 Qe7 14. Qg3 c5
15. c3 Rfd8 16. Bd2 a5 17. a4 Rac8 18. Rac1 Ba6 19. Rf2 Rc7 20. b3 c4 21. bxc4
Bxe5 22. fxe5 Rxc4 23. Ra1 Rc6 24. Be1 Bd3 25. Rfa2 Rc4 26. Bd2 Rdc8 27. Qe1 g5
28. Qg3 Kh8 29. Qh3 Qg7 30. g4 fxg4 31. Qxg4 Qf7 32. Qg2 Rf8 33. Re1 Qf5 34.
Raa1 h5 35. Kh1 g4 36. Rg1 Rc7 37. Rge1 Rcf7 38. Kg1 h4 39. Rad1 g3 40. h3 Qg5
41. Bc1 Rf2 42. Rxd3 Rxg2+ 43. Kxg2 exd3 44. e4 Rf2+ 45. Kg1 d2 46. Bxd2 Qxd2
0-1

[Event "II Trofeo Perla del Sarcidano A"]
[Site "Laconi ITA"]
[Date "2006.08.06"]
[Round "2"]
[White "Altea, Giovanni"]
[Black "Boi, Fausto"]
[Result "0-1"]
[WhiteElo "1731"]
[BlackElo "1622"]
[PlyCount "102"]
[EventDate "2006.08.05"]

1. c4 d6 2. g3 Nf6 3. Bg2 g6 4. Nc3 Bg7 5. e3 O-O 6. Nge2 c6 7. O-O Bf5 8. e4
Bg4 9. h3 Be6 10. d3 Qc8 11. Kh2 h6 12. Be3 Na6 13. Rb1 Nd7 14. Bd4 f6 15. f4
c5 16. Be3 f5 17. exf5 Bxf5 18. Nd5 Re8 19. g4 Be6 20. Ndc3 Rb8 21. Ng3 Bf7 22.
Qf3 Nc7 23. a4 a6 24. f5 Ne5 25. Qe2 b5 26. axb5 axb5 27. Nxb5 Nxb5 28. cxb5
Rxb5 29. fxg6 Bxg6 30. Nf5 Bxf5 31. Rxf5 Rb4 32. Qd2 Rxg4 33. Rbf1 Rg6 34. Rh5
Rf8 35. Qe2 Rxf1 36. Qxf1 Rf6 37. Qe2 Qa6 38. Rxe5 dxe5 39. Bxc5 e6 40. b4 Rf4
41. Be4 Qa1 42. Bf2 Qb1 43. Qd2 Rf8 44. Bc6 Qf1 45. Kg3 e4 46. Bxe4 Be5+ 47.
Kh4 Qxf2+ 48. Qxf2 Rxf2 49. b5 Rf4+ 50. Kh5 Kg7 51. b6 Bf6 0-1

[Event "II Trofeo Perla del Sarcidano A"]
[Site "Laconi ITA"]
[Date "2006.08.06"]
[Round "2"]
[White "Caredda, Giuseppe"]
[Black "Setzu, Francesco"]
[Result "1-0"]
[WhiteElo "1406"]
[BlackElo "1610"]
[PlyCount "41"]
[EventDate "2006.08.05"]

1. d4 c6 2. c4 d5 3. Nf3 Nf6 4. Nc3 e6 5. Bg5 Be7 6. e3 h6 7. Bh4 O-O 8. Bd3
Qa5 9. O-O Na6 10. cxd5 cxd5 11. a3 Qd8 12. Re1 g5 13. Bg3 Nh5 14. Ne5 Nxg3 15.
fxg3 Bf6 16. Qh5 Kg7 17. Ng4 Rh8 18. Rf1 Qf8 19. Rxf6 e5 20. Rg6+ Kh7 21. Nf6#
1-0

[Event "II Trofeo Perla del Sarcidano A"]
[Site "Laconi ITA"]
[Date "2006.08.06"]
[Round "2"]
[White "Carta, Francesco"]
[Black "Pili, Erika"]
[Result "0-1"]
[WhiteElo "1637"]
[BlackElo "1868"]
[PlyCount "80"]
[EventDate "2006.08.05"]

1. e4 e5 2. Nf3 Nc6 3. Bc4 Nf6 4. O-O Bc5 5. c3 O-O 6. Re1 h6 7. d4 exd4 8.
cxd4 Bb6 9. Nc3 d6 10. Bf4 Bg4 11. h3 Bxf3 12. Qxf3 Nxd4 13. Qg3 Nh5 14. Qg4
Nxf4 15. Qxf4 Nc2 16. Rad1 Nxe1 17. Rxe1 Bd4 18. Nd1 Qf6 19. Qd2 Rfe8 20. Kh1
Rad8 21. f3 Be5 22. Qf2 Qg5 23. Rf1 Qf4 24. Qg1 c6 25. Nc3 b6 26. Rd1 d5 27.
Ne2 Qh4 28. Bb3 dxe4 29. Rf1 exf3 30. Rxf3 Bf6 31. Nf4 Re1 32. Rf1 Rde8 33. Kh2
Rxf1 34. Qxf1 Be5 35. g3 Bxf4 36. gxf4 Qe1 37. Bc4 Qxf1 38. Bxf1 Re1 39. Kg2
Rb1 40. b3 Rb2+ 0-1

[Event "II Trofeo Perla del Sarcidano A"]
[Site "Laconi ITA"]
[Date "2006.08.06"]
[Round "2"]
[White "Ibba, Isacco"]
[Black "Figus, Maurizio"]
[Result "1-0"]
[WhiteElo "2177"]
[BlackElo "1931"]
[PlyCount "35"]
[EventDate "2006.08.05"]

1. e3 Nf6 2. f4 d5 3. Nf3 c5 4. Bb5+ Bd7 5. Qe2 a6 6. Bxd7+ Nbxd7 7. O-O e6 8.
d3 Bd6 9. e4 dxe4 10. dxe4 e5 11. Nc3 O-O 12. fxe5 Nxe5 13. Bg5 h6 14. Rad1
hxg5 15. Nxe5 Qe7 16. Nc4 Be5 17. Nxe5 Qxe5 18. Rf5 1-0

[Event "II Trofeo Perla del Sarcidano A"]
[Site "Laconi ITA"]
[Date "2006.08.06"]
[Round "2"]
[White "Ljubisavljevic, Zivojin Z."]
[Black "Locci, Damiano"]
[Result "1/2-1/2"]
[WhiteElo "2290"]
[BlackElo "1976"]
[PlyCount "86"]
[EventDate "2006.08.05"]

1. d4 e6 2. c3 d5 3. Bf4 Bd6 4. Bxd6 Qxd6 5. e3 Nf6 6. f4 Nbd7 7. Bd3 b6 8. Nf3
Bb7 9. Ne5 Ng8 10. O-O Ne7 11. a4 f5 12. a5 O-O 13. Qh5 Nf6 14. Qh4 Ne4 15. Rf3
Rf6 16. Qe1 a6 17. axb6 cxb6 18. Na3 b5 19. Nc2 Nc6 20. Qe2 Rh6 21. Bxe4 dxe4
22. Rg3 Nxe5 23. dxe5 Qb6 24. Rd1 Rd8 25. Nd4 Bd5 26. b3 Rc8 27. Nxf5 exf5 28.
Rxd5 Rxc3 29. Qd2 Rc8 30. h3 Re6 31. Rd6 Rxd6 32. exd6 Qc5 33. d7 Rd8 34. b4
Qc6 35. Qa2+ Kf8 36. Rg5 g6 37. Qb2 Kf7 38. Kh2 Qxd7 39. Qe5 Qe7 40. Qc3 Qe6
41. Qc7+ Rd7 42. Qc1 Kg7 43. Qc5 Qd6 1/2-1/2

[Event "II Trofeo Perla del Sarcidano A"]
[Site "Laconi ITA"]
[Date "2006.08.06"]
[Round "2"]
[White "Neri, Enzo"]
[Black "Gromovs, Sergejs"]
[Result "0-1"]
[WhiteElo "2058"]
[BlackElo "2314"]
[PlyCount "84"]
[EventDate "2006.08.05"]

1. c4 g6 2. d4 Bg7 3. Nc3 c5 4. d5 Bxc3+ 5. bxc3 f5 6. h4 Nf6 7. Qc2 d6 8. Nh3
Nbd7 9. Bf4 Qa5 10. Rb1 Nb6 11. e3 Ne4 12. Rc1 Na4 13. Bd3 Qxc3+ 14. Qxc3 Nexc3
15. a3 Ne4 16. Bh6 Nf6 17. Nf4 Rg8 18. f3 Bd7 19. Rb1 O-O-O 20. Bg5 Rde8 21.
Kf2 Kc7 22. Rb3 h5 23. Bxf6 exf6 24. g4 hxg4 25. fxg4 Nb6 26. h5 fxg4 27. hxg6
f5 28. Rh7 Kc8 29. Rxd7 Kxd7 30. Bxf5+ Ke7 31. Be6 Rg7 32. Bxg4 Rh8 33. Bh5 Kf6
34. Be2 Rh2+ 35. Kf1 Re7 36. e4 Rxe4 37. Nh5+ Kxg6 38. Bd3 Kxh5 39. Bxe4 Kg5
40. Bb1 Kf4 41. a4 Nxc4 42. Kg1 Rb2 0-1

[Event "II Trofeo Perla del Sarcidano A"]
[Site "Laconi ITA"]
[Date "2006.08.06"]
[Round "2"]
[White "Troiani, Carlo"]
[Black "Paulesu, Sebastiano"]
[Result "1/2-1/2"]
[WhiteElo "1619"]
[BlackElo "1862"]
[PlyCount "69"]
[EventDate "2006.08.05"]

1. e4 d5 2. exd5 Nf6 3. d4 Nxd5 4. Nf3 g6 5. Be2 Bg7 6. c3 c6 7. Nbd2 Nf4 8.
O-O Nxe2+ 9. Qxe2 O-O 10. Ne4 Nd7 11. Bf4 Nf6 12. Nxf6+ exf6 13. Rfe1 Be6 14.
a3 Re8 15. Qd2 Qa5 16. h3 Qd5 17. Nh2 g5 18. Be3 h5 19. f3 Kh7 20. Re2 Rh8 21.
Rae1 b5 22. Qd1 Bf8 23. Bc1 Bd6 24. Nf1 Bc7 25. Re4 Kg7 26. Qd2 Rag8 27. Qf2 f5
28. R4e2 g4 29. fxg4 hxg4 30. h4 Qd6 31. g3 Re8 32. Bf4 Qd7 33. Be5+ Bxe5 34.
Rxe5 Rh6 35. Ne3 1/2-1/2

[Event "II Trofeo Perla del Sarcidano A"]
[Site "Laconi ITA"]
[Date "2006.08.06"]
[Round "2"]
[White "Vozza, Augusto"]
[Black "Pais, Mario"]
[Result "0-1"]
[WhiteElo "1514"]
[BlackElo "1672"]
[PlyCount "60"]
[EventDate "2006.08.05"]

1. e4 d5 2. exd5 Nf6 3. d4 Bg4 4. Nf3 Qxd5 5. Be2 e6 6. Nc3 Bb4 7. O-O Qh5 8.
Re1 O-O 9. h3 Bxh3 10. Ng5 Bg4 11. Nxh7 Kxh7 12. Bd2 Bd6 13. g3 Qh3 14. Ne4
Bxe2 15. Rxe2 Nxe4 16. Rxe4 Qf5 17. Rh4+ Kg8 18. Kg2 f6 19. Qh1 Nc6 20. Rh5
Qe4+ 21. Kh2 Qe2 22. Kg2 Qxd2 23. Rh8+ Kf7 24. Qh5+ Ke7 25. Rh7 Rf7 26. Qg6 Qg5
27. Qe4 Qd5 28. Qxd5 exd5 29. Re1+ Kd7 30. c3 Re8 0-1

[Event "II Trofeo Perla del Sarcidano A"]
[Site "Laconi ITA"]
[Date "2006.08.06"]
[Round "2"]
[White "Zuccarelli, Angelo"]
[Black "Puzzoni, Christian"]
[Result "0-1"]
[WhiteElo "1905"]
[BlackElo "2083"]
[PlyCount "72"]
[EventDate "2006.08.05"]

1. e4 e5 2. Nf3 d5 3. Nxe5 dxe4 4. d4 Bd6 5. Nc4 Nc6 6. Nxd6+ Qxd6 7. Bb5 Nf6
8. h3 Bd7 9. c3 O-O-O 10. Na3 Nd5 11. Nc4 Qg6 12. g3 Rhe8 13. Ne3 Nb6 14. Be2
Re7 15. Bh5 Qg5 16. Bg4 Qb5 17. Qe2 Qa5 18. Bxd7+ Rexd7 19. O-O g6 20. Ng2 Re8
21. Bd2 Qf5 22. Kh2 h5 23. a4 Nd5 24. Ne3 Qe6 25. Nxd5 Rxd5 26. b4 h4 27. Qg4
hxg3+ 28. Qxg3 Rh8 29. Kg2 Rdh5 30. Rh1 Ne7 31. Qg4 f5 32. Qg3 Qc6 33. Kf1 e3
34. Ke2 exd2 35. Kxd2 Nd5 36. Rae1 36... b6 $138 0-1

[Event "II Trofeo Perla del Sarcidano A"]
[Site "Laconi ITA"]
[Date "2006.08.06"]
[Round "3"]
[White "Boi, Fausto"]
[Black "Troiani, Carlo"]
[Result "1-0"]
[WhiteElo "1622"]
[BlackElo "1619"]
[PlyCount "46"]
[EventDate "2006.08.05"]

1. Nf3 d5 2. c4 c6 3. e3 Nf6 4. Nc3 e6 5. b3 Be7 6. Be2 O-O 7. O-O Nbd7 8. Bb2
a6 9. Qc2 Nc5 10. d4 Nce4 11. Bd3 Nxc3 12. Bxc3 h6 13. Nd2 b6 14. e4 dxe4 15.
Nxe4 Nxe4 16. Bxe4 Bb7 17. Rad1 Qc7 18. f4 f5 19. Bd3 Bd6 20. Qf2 c5 21. Be2
cxd4 22. Bxd4 Rad8 23. Bxb6 Qc6 1-0

[Event "II Trofeo Perla del Sarcidano A"]
[Site "Laconi ITA"]
[Date "2006.08.06"]
[Round "3"]
[White "Figus, Maurizio"]
[Black "Dessy, Eugenio"]
[Result "1-0"]
[WhiteElo "1931"]
[BlackElo "1488"]
[PlyCount "51"]
[EventDate "2006.08.05"]

1. e4 c5 2. Nf3 d6 3. d4 cxd4 4. Nxd4 Nf6 5. Nc3 g6 6. Be3 Bg7 7. f3 O-O 8. Qd2
Nc6 9. O-O-O Bd7 10. g4 Rc8 11. h4 h5 12. gxh5 Nxh5 13. f4 Nxd4 14. Bxd4 Bxd4
15. Qxd4 Nxf4 16. h5 Nxh5 17. Be2 Ng7 18. Qe3 f6 19. Qh6 g5 20. Qh7+ Kf7 21.
Bh5+ Ke6 22. Qxg7 Rc5 23. Rd5 Rxd5 24. exd5+ Ke5 25. Qg6 Bf5 26. Re1+ 1-0

[Event "II Trofeo Perla del Sarcidano A"]
[Site "Laconi ITA"]
[Date "2006.08.06"]
[Round "3"]
[White "Gromovs, Sergejs"]
[Black "Ibba, Isacco"]
[Result "1/2-1/2"]
[WhiteElo "2314"]
[BlackElo "2177"]
[PlyCount "50"]
[EventDate "2006.08.05"]

1. d4 d5 2. c4 c6 3. Nc3 e6 4. e3 Nf6 5. Bd3 Nbd7 6. Nf3 dxc4 7. Bxc4 b5 8. Bd3
a6 9. e4 c5 10. e5 cxd4 11. Nxb5 Nxe5 12. Nxe5 axb5 13. Bxb5+ Bd7 14. Nxd7 Qa5+
15. Bd2 Qxb5 16. Nxf6+ gxf6 17. a4 Qb7 18. O-O Bb4 19. Bxb4 Qxb4 20. Qf3 Ke7
21. a5 Rxa5 22. Rxa5 Qxa5 23. Qb7+ Kf8 24. Qb8+ Kg7 25. Qg3+ Qg5 1/2-1/2

[Event "II Trofeo Perla del Sarcidano A"]
[Site "Laconi ITA"]
[Date "2006.08.06"]
[Round "3"]
[White "Locci, Damiano"]
[Black "Neri, Enzo"]
[Result "1/2-1/2"]
[WhiteElo "1976"]
[BlackElo "2058"]
[PlyCount "82"]
[EventDate "2006.08.05"]

1. e4 c5 2. Nc3 a6 3. a4 Nc6 4. f4 e6 5. Bc4 b6 6. Nf3 Bb7 7. O-O Nd4 8. Ba2 g6
9. d3 Bg7 10. Be3 Ne7 11. Bxd4 cxd4 12. Ne2 d5 13. e5 Nf5 14. Qd2 b5 15. axb5
Qb6 16. bxa6 Rxa6 17. Bb3 O-O 18. Rxa6 Bxa6 19. Ra1 Rb8 20. Qa5 Bxd3 21. Qxb6
Rxb6 22. Ra8+ Bf8 23. Nexd4 Nxd4 24. Nxd4 Kg7 25. Rc8 Be4 26. Rc7 Kg8 27. Nf3
Bxf3 28. gxf3 Rb4 29. f5 gxf5 30. Kg2 Bh6 31. Ra7 Bf4 32. Ra4 Rxa4 33. Bxa4
Bxe5 34. b3 Kf8 35. h3 Ke7 36. Kf2 Bc7 37. c4 Kd6 38. Ke3 Kc5 39. cxd5 exd5 40.
Kd3 Be5 41. Be8 f6 1/2-1/2

[Event "II Trofeo Perla del Sarcidano A"]
[Site "Laconi ITA"]
[Date "2006.08.06"]
[Round "3"]
[White "Pais, Mario"]
[Black "Zuccarelli, Angelo"]
[Result "1/2-1/2"]
[WhiteElo "1672"]
[BlackElo "1905"]
[PlyCount "44"]
[EventDate "2006.08.05"]

1. e4 c5 2. Nf3 d6 3. d4 cxd4 4. Nxd4 Nf6 5. Nc3 a6 6. Be2 e6 7. Be3 Be7 8. O-O
Qc7 9. f4 Nc6 10. Nxc6 bxc6 11. Qe1 Bb7 12. Qg3 O-O 13. f5 e5 14. Bh6 Ne8 15.
f6 Bxf6 16. Rxf6 Kh8 17. Bxg7+ Nxg7 18. Raf1 Rae8 19. Kh1 Re6 20. Rxe6 Nxe6 21.
Qh4 Qd8 22. Qxd8 Nxd8 1/2-1/2

[Event "II Trofeo Perla del Sarcidano A"]
[Site "Laconi ITA"]
[Date "2006.08.06"]
[Round "3"]
[White "Paulesu, Sebastiano"]
[Black "Altea, Giovanni"]
[Result "1/2-1/2"]
[WhiteElo "1862"]
[BlackElo "1731"]
[PlyCount "25"]
[EventDate "2006.08.05"]

1. e4 c5 2. b4 cxb4 3. a3 d5 4. exd5 Qxd5 5. Bb2 Nf6 6. Nf3 e6 7. c4 bxc3 8.
Nxc3 Qd8 9. Bc4 Be7 10. O-O O-O 11. Qe2 Nc6 12. Rfd1 Bd7 13. d4 1/2-1/2